|
|
|
|
| LEADER |
00000nam0a2200000 4500 |
| 001 |
118634 |
| 005 |
20231101215502.0 |
| 035 |
|
|
|a (RuTPU)RU\TPU\book\128372
|
| 090 |
|
|
|a 118634
|
| 100 |
|
|
|a 20070615d1961 m a0rusy5003 ca
|
| 101 |
1 |
|
|a rus
|c eng
|
| 102 |
|
|
|a RU
|
| 105 |
|
|
|a y z 000ay
|
| 200 |
1 |
|
|a Конец главы
|e Трилогия. [пер. с англ.]
|h Книга 1. Девушка ждет
|f Дж. Голсуорси
|g авт. предисл. М. Тугушева
|
| 210 |
|
|
|a Москва
|c Государственное издательство художественной литературы
|d 1961
|
| 215 |
|
|
|a 431 с.
|d 20 см
|
| 333 |
|
|
|a Исключено из фонда НТБ ТПУ
|
| 675 |
|
|
|a 82
|z rus
|
| 700 |
|
1 |
|a Голсуорси
|b Дж.
|c английский писатель
|f 1867-1933
|g Джон
|2 stltpush
|3 (RuTPU)RU\TPU\pers\12183
|9 3218
|
| 702 |
|
1 |
|a Тугушева
|b М.
|4 080
|
| 801 |
|
0 |
|a RU
|b RuMRKP
|c 19950704
|g psbo
|
| 801 |
|
1 |
|a RU
|b 63413507
|c 20050906
|g PSBO
|
| 801 |
|
2 |
|a RU
|b 63413507
|c 20211221
|g PSBO
|
| 942 |
|
|
|c BK
|